Miasta i wsie w powiecie nowotarskim - Statystyki

Ogólne statystyki
  • Ten quiz został rozwiązany 7 razy
  • Średni wynik to 39 z 93
Statystyki odpowiedzi
Gmina Odpowiedź % Poprawnych
Czarny Dunajec Czarny Dunajec
83%
Jabłonka Jabłonka
83%
Krościenko nad Dunajcem Krościenko nad Dunajcem
83%
Łapsze Niżne Łapsze Niżne
83%
Lipnica Wielka Lipnica Wielka
83%
Nowy Targ (miejska) Nowy Targ
83%
Ochotnica Dolna Ochotnica Dolna
83%
Raba Wyżna Raba Wyżna
83%
Rabka-Zdrój Rabka-Zdrój
83%
Szaflary Szaflary
83%
Szczawnica Szczawnica
83%
Rabka-Zdrój Chabówka
67%
Jabłonka Chyżne
67%
Czorsztyn Czorsztyn
67%
Łapsze Niżne Łapsze Wyżne
67%
Jabłonka Lipnica Mała
67%
Ochotnica Dolna Ochotnica Górna
67%
Szaflary Bańska Niżna
50%
Szaflary Bańska Wyżna
50%
Czarny Dunajec Chochołów
50%
Czarny Dunajec Czerwienne
50%
Nowy Targ (wiejska) Dębno
50%
Łapsze Niżne Falsztyn
50%
Krościenko nad Dunajcem Grywald
50%
Szczawnica Jaworki
50%
Czorsztyn Kluszkowce
50%
Czarny Dunajec Koniówka
50%
Łapsze Niżne Łapszanka
50%
Nowy Targ (wiejska) Ludźmierz
50%
Czorsztyn Maniowy
50%
Łapsze Niżne Niedzica
50%
Łapsze Niżne Niedzica-Zamek
50%
Czarny Dunajec Podczerwone
50%
Spytkowice Spytkowice
50%
Czorsztyn Sromowce Niżne
50%
Czorsztyn Sromowce Wyżne
50%
Nowy Targ (wiejska) Waksmund
50%
Szaflary Bór
33%
Raba Wyżna Bukowina-Osiedle
33%
Czarny Dunajec Ciche
33%
Nowy Targ (wiejska) Dursztyn
33%
Nowy Targ (wiejska) Gronków
33%
Krościenko nad Dunajcem Hałuszowa
33%
Raba Wyżna Harkabuz
33%
Nowy Targ (wiejska) Harklowa
33%
Czorsztyn Huba
33%
Łapsze Niżne Kacwin
33%
Lipnica Wielka Kiczory
33%
Nowy Targ (wiejska) Klikuszowa
33%
Nowy Targ (wiejska) Knurów
33%
Nowy Targ (wiejska) Krempachy
33%
Krościenko nad Dunajcem Krośnica
33%
Nowy Targ (wiejska) Łopuszna
33%
Czorsztyn Mizerna
33%
Nowy Targ (wiejska) Nowa Biała
33%
Czarny Dunajec Odrowąż
33%
Jabłonka Orawka
33%
Nowy Targ (wiejska) Ostrowsko
33%
Czarny Dunajec Piekielnik
33%
Czarny Dunajec Pieniążkowice
33%
Raba Wyżna Podsarnie
33%
Czarny Dunajec Podszkle
33%
Jabłonka Podwilk
33%
Rabka-Zdrój Ponice
33%
Czarny Dunajec Ratułów
33%
Rabka-Zdrój Rdzawka
33%
Nowy Targ (wiejska) Rogoźnik
33%
Raba Wyżna Rokiciny Podhalańskie
33%
Raba Wyżna Sieniawa
33%
Szaflary Skrzypne
33%
Czarny Dunajec Stare Bystre
33%
Szczawnica Szlachtowa
33%
Nowy Targ (wiejska) Szlembark
33%
Łapsze Niżne Trybsz
33%
Krościenko nad Dunajcem Tylka
33%
Ochotnica Dolna Tylmanowa
33%
Czarny Dunajec Wróblówka
33%
Jabłonka Zubrzyca Dolna
33%
Jabłonka Zubrzyca Górna
33%
Nowy Targ (wiejska) Długopole
17%
Czarny Dunajec Dział
17%
Łapsze Niżne Frydman
17%
Nowy Targ (wiejska) Krauszów
17%
Nowy Targ (wiejska) Lasek
17%
Szaflary Maruszyna
17%
Nowy Targ (wiejska) Morawczyna
17%
Nowy Targ (wiejska) Obidowa
17%
Raba Wyżna Skawa
17%
Nowy Targ (wiejska) Trute
17%
Czarny Dunajec Załuczne
17%
Szaflary Zaskale
17%
Raba Wyżna Bielanka
0%
Nowy Targ (wiejska) Pyzówka
0%
Nie znaleziono quizów pasujących do podanych kryteriów
Rozkład punktacji
Procent ludzi z każdym wynikiem
Percentyl według liczby udzielonych odpowiedzi
Twoja historia wyników
Nie rozwiązałeś tego quizu